| 000 | 00587nam a22001817a 4500 | ||
|---|---|---|---|
| 999 |
_c160491 _d160491 |
||
| 005 | 20190131115055.0 | ||
| 010 | _aENG-124678 | ||
| 020 |
_c450.00 _a9789386582348 |
||
| 035 | _aEN-108210 | ||
| 037 | _bDBAD/PUB | ||
| 082 | _a378.125092 | ||
| 100 | _aBhattacharya, Parimal | ||
| 245 |
_aNo path to darjeeling is straight: _cby Parimal Bhattacharya _bmemories of hill town/ |
||
| 260 |
_aNew Delhi _bSpeaking Tiger Publishing _c2017 |
||
| 270 |
_a4381/4,Ansari Road,Daryaganj, _bNew Delhi _e110002 |
||
| 300 |
_a192p. _c21cm (Hb) |
||
| 942 |
_2ddc _cEN _mBHA _h378.125092 |
||